LIBRARY & INFORMATION CENTRE, KCAET, TAVANUR

ONLINE PUBLIC ACCESS CATALOGUE (OPAC)

JAVA distributed objects / (Record no. 2973)

MARC details
000 -LEADER
fixed length control field 00513cam a2200205ua 4500
020 ## - INTERNATIONAL STANDARD BOOK NUMBER
ISBN 80 7635 223 3
041 ## - LANGUAGE CODE
Language code of text/sound track or separate title eng
082 ## - DEWEY DECIMAL CLASSIFICATION NUMBER
Classification number 005.133
Item number MCC/JA
100 ## - MAIN ENTRY--AUTHOR NAME
Personal name McCarty, Bill.
245 ## - TITLE STATEMENT
Title JAVA distributed objects /
250 ## - EDITION STATEMENT
Edition statement 1 /
260 ## - PUBLICATION, DISTRIBUTION, ETC. (IMPRINT)
Place of publication New Delhi :
Name of publisher Techmedia ,
Year of publication 1999.
300 ## - PHYSICAL DESCRIPTION
Number of Pages 936 ; .
500 ## - GENERAL NOTE
General note 20472 Scheme
700 1# - ADDED ENTRY--PERSONAL NAME
Personal name Luke, Cassady-Darion.
942 ## - ADDED ENTRY ELEMENTS (KOHA)
Koha item type Books
Holdings
Withdrawn status Lost status Damaged status Home library Current library Date acquired Full call number Accession Number Koha item type
      KAUAET   07/04/2012 005.133 20472 Books
free website counter